00689nam a2200205Ia 4500003000900000008004100009040001600050080001900066100003400085245007800119260005400197300001400251650001800265650004100283650001900324650002600343942000700369999001300376952009400389IN-BaIIA211028s9999 xx 000 0 eng d cIIA Library a059(54)bSWA-3 aSwamikannu Pillai, L. D.9841 3aAn Indian ephemerisbvol. III, AD 1000 - AD 1199cL. D. Swamikannu Pillai aMadrasbThe Superintendent Government Pressc1922 avi, 401p. aAlmanacs9842 aAstronomy and Astrophysics Thesaurus aEphemeris9843 aIndian Ephemeris9844 cBK c381d381 00104070aBANbBANcGENd0000-00-00l0o059(54)/ SWA-3p375r2021-11-05w0000-00-00yBK